|
|
|
|
| LEADER |
00000nas a2200000 a 4500 |
| 001 |
ssj0000399648 |
| 003 |
WaSeSS |
| 005 |
20200512172242.0 |
| 006 |
m d |
| 007 |
cr n |
| 008 |
100304c20109999nz x p s 0 a0eng c |
| 010 |
|
|
|a 2012247801
|
| 016 |
7 |
|
|a 2587462-7
|2 DE-600
|
| 022 |
|
|
|a 1179-1381
|l 1179-1381
|
| 035 |
|
|
|a (WaSeSS)ssj0000399648
|
| 040 |
|
|
|a FQM
|b eng
|c FQM
|d OCLCQ
|d HEBIS
|d NZ1
|d NTE
|d OCLCQ
|d PFM
|d CUS
|d OCLCF
|d CUS
|d EUW
|d OCLCQ
|d LIP
|d XFH
|d WT2
|d OCLCO
|d OCLCA
|d CRU
|d MOW
|d OCLCO
|d OCLCQ
|d AU@
|d OCLCO
|d WYU
|d OCLCO
|d OCLCA
|d VT2
|d OCLCQ
|d WaSeSS
|
| 042 |
|
|
|a pcc
|
| 050 |
|
4 |
|a RS419.5
|
| 060 |
|
4 |
|a INTERNET
|
| 082 |
0 |
4 |
|a 615.19005
|2 22
|
| 210 |
1 |
|
|a Int. j. high throughput screen
|
| 222 |
|
0 |
|a International journal of high throughput screening
|
| 245 |
0 |
0 |
|a International journal of high throughput screening
|h [electronic resource].
|
| 246 |
3 |
0 |
|a IJHTS
|
| 260 |
|
|
|a Auckland, NZ :
|b Dove Medical Press
|
| 310 |
|
|
|a Irregular
|
| 362 |
1 |
|
|a Began with vol. 1 (2010).
|
| 506 |
|
|
|a License restrictions may limit access.
|
| 515 |
|
|
|a Articles added irregularly and collected into annual vols.
|
| 588 |
0 |
|
|a Vol. 1 (2010); title from journal home page (Publisher's Web site, viewed Mar. 4, 2010).
|
| 588 |
1 |
|
|a Vol. 3 (2012) (viewed Dec. 7, 2012).
|
| 650 |
|
0 |
|a High throughput screening (Drug development)
|v Periodicals.
|
| 650 |
|
2 |
|a Drug Design.
|
| 650 |
|
2 |
|a Drug Evaluation, Preclinical.
|
| 650 |
|
2 |
|a Chemistry, Pharmaceutical.
|
| 650 |
|
7 |
|a High throughput screening (Drug development)
|2 fast
|0 (OCoLC)fst00956496
|
| 655 |
|
0 |
|a Electronic journals.
|
| 856 |
4 |
0 |
|z Full text available from Research Library: 01/01/2010 to 12/31/2013
|u https://search.proquest.com/publication/3933149
|
| 856 |
4 |
0 |
|z Full text available from Research Library: 01/01/2015 to 01/31/2016
|u https://search.proquest.com/publication/3933149
|